Lý thuyết cơ sở kỹ thuật siêu cao tần

Na minha lista:
Detalhes bibliográficos
Autor principal: Vũ, Đình Thành
Formato: Livro
Idioma:Undetermined
Publicado em: TP.HCM Đại học Quốc gia TP.HCM 2009
Assuntos:
Acesso em linha:http://lrc.tdmu.edu.vn/opac/search/detail.asp?aID=2&ID=3716
Tags: Adicionar Tag
Sem tags, seja o primeiro a adicionar uma tag!
Thư viện lưu trữ: Trung tâm Học liệu Trường Đại học Thủ Dầu Một
LEADER 00633nam a2200193Ia 4500
001 TDMU_3716
008 210410s9999 xx 000 0 und d
082 |a 621.3815 
090 |b V97 
100 |a Vũ, Đình Thành 
245 0 |a Lý thuyết cơ sở kỹ thuật siêu cao tần 
245 0 |c Vũ Đình Thành 
260 |a TP.HCM 
260 |b Đại học Quốc gia TP.HCM 
260 |c 2009 
300 |a 175tr. 
650 |a Kỹ thuật siêu cao tầng 
856 |u http://lrc.tdmu.edu.vn/opac/search/detail.asp?aID=2&ID=3716 
980 |a Trung tâm Học liệu Trường Đại học Thủ Dầu Một